000 00504nam a2200133 4500
999 _c9010
_d9010
008 180402b ||||| |||| 00| 0 eng d
082 _aDPer 050 Dec 2015-Mar 2016 T48 v186-187
100 _927098
_aD'Addario, Daniel.
245 _aBaskets finds laughs in the tears of a clown/
_cDaniel D'Addario.
260 _aNew York :
_bTime Inc.,
_c©Dec 2015-Mar 2016.
300 _av187 n3, page 42:
_billustrations;
_c27 cm.
650 0 _927099
_aMotion pictures
_xProduction and direction.
942 _2ddc
_cPER